书目信息 |
| 题名: |
塞拉勒窝内史
|
|
| 作者: | 克里斯托弗·法伊夫 著 ;上海新闻出版系统"五·七"干校翻译组 译 | |
| 分册: | 中册 | |
| 出版信息: | 上海 上海人民出版社 1973.8 |
|
| 页数: | 429-892页 | |
| 开本: | 20cm | |
| 丛书名: | ||
| 单 册: | ||
| 中图分类: | K449 | |
| 科图分类: | ||
| 主题词: | 非洲--历史 | |
| 电子资源: | ||
| ISBN: | ||
| 000 | 00743nam0 2200217 45 | |
| 001 | 0212170964 | |
| 005 | 20060728164202.93 | |
| 010 | @dCNY3.70 | |
| 091 | @a11171.34 | |
| 100 | @a20021217d1973 km y0chiy0120 ea | |
| 101 | 0 | @achi |
| 200 | 1 | @ASai La Le Wo Nei Shi@a塞拉勒窝内史@h中册@f(英)克里斯托弗·法伊夫著@F(Ying)Ke Li Si Tuo Fu·Fa Yi Fu Zhu@g上海新闻出版系统"五·七"干校翻译组译 |
| 210 | @a上海@c上海人民出版社@d1973.8 | |
| 215 | @a429-892页@d20cm | |
| 300 | @a内部参考读物 | |
| 606 | 0 | @a非洲@x历史 |
| 690 | @aK449@v3 | |
| 701 | 0 | @a克里斯托弗·法伊夫@4著 |
| 712 | 02 | @a上海新闻出版系统"五·七"干校翻译组@AShang Hai Xin Wen Chu Ban Xi Tong"Wu·Qi"Gan Xiao Fan Yi Zu@4译 |
| 801 | @aCN@bTSTC@c20060728 | |
| 905 | @dK449@e4:2@f1@b219150 | |
| 塞拉勒窝内史.中册/(英)克里斯托弗·法伊夫著/上海新闻出版系统"五·七"干校翻译组译.-上海:上海人民出版社,1973.8 |
| 429-892页;20cm |
| 内部参考读物 |
| ISBN :CNY3.70 |
| ● |
| 相关链接 |
|
|
|
|
正题名:塞拉勒窝内史
索取号:K449/4:2
 
预约/预借
| 序号 | 登录号 | 条形码 | 馆藏地/架位号 | 状态 | 备注 |
| 1 | 0219150 | 001736937 | 第二样本阅览室/ [索取号:K449/4:2] | 在馆 | |
| 2 | 0443777 | 204437779 | 密集书库/ [索取号:K449/4:2] | 在馆 |